000 00617nam a22001937a 4500
003 KOHA_MİRAKIL
005 20241003090418.0
008 241003b tu ||||| |||| 00| 0 tur d
020 _a9786056861536
040 _aTR-AnABB
_btur
_cTR-AnABB
041 _atur
082 _a370.9561
_bCUM 2018
245 0 0 _aCumhuriyet eğitimine geçerken Atatürk ve Misak-ı Maarif /
_chazırlayan: Seçil Kartal Akgün
260 _aAnkara :
_bBaşkent Üniversitesi,
_c2018
300 _a86 sayfa ;
_c23 cm
650 0 0 _aEğitim ,
_zTürkiye
700 1 _aAkgün, Seçil Kartal,
_ehazırlayan
_91176
942 _2ddc
_cBK
999 _c7737
_d7737
900 _bCan Çelik